Subdivision capitals closest to Paide (EE) - Statistics

General Stats
  • This quiz has been taken 5 times
  • The average score is 14 of 20
Answer Stats
Distance (km) Answer % Correct
14 147 Helsinki
100%
6 83 Pärnu
100%
5 77 Tallinn
100%
7 87 Tartu
100%
19 176 Cēsis
67%
8 117 Haapsalu
67%
2 50 Jõgeva
67%
9 117 Jõhvi
67%
17 162 Kärdla
67%
12 127 Põlva
67%
4 68 Rakvere
67%
1 46 Rapla
67%
10 126 Valga
67%
11 126 Valka
67%
15 150 Valmiera
67%
3 58 Viljandi
67%
13 142 Võru
67%
20 184 Alūksne
33%
16 161 Limbaži
33%
18 164 Smiltene
33%
No matching quizzes found
Score Distribution
Percent of People with Each Score
Percentile by Number Answered
Your Score History
You have not taken this quiz